| 000 | 00611nam a2200217 a 4500 | ||
|---|---|---|---|
| 001 | BRCA_3530 | ||
| 005 | 20190320204325.0 | ||
| 008 | 280709s1905----gw-a---###---#000-0#ger-# | ||
| 041 | _ager | ||
| 044 | _agw | ||
| 050 | 4 |
_aF1215 _b.S34 1905 |
|
| 100 | 1 |
_aSchroeder, Osw _99166 |
|
| 245 | 1 | 0 |
_aMexico _bEine Reise durch das Land der Azteken _cVon Osw Schroeder. |
| 260 |
_aLeipzig _bWanderer _c1905 |
||
| 300 |
_a199 p. _bil. (algunas a color), 36 láminas _c20 cm. |
||
| 500 | _aB197 | ||
| 650 | 1 | 4 |
_aViajeros alemanes _97026 |
| 651 | 4 |
_aMéxico _xDescripción y viajes _9103 |
|
| 902 | _aGFM | ||
| 942 |
_2lcc _cB |
||
| 999 |
_c3265 _d3265 |
||